[Event "Sautron op 18th"]
[Site "Sautron "]
[Date "2018.10.20"]
[Round "8.25"]
[White "Le Gallo, Frederic"]
[Black "Le Loch, Briac"]
[Result "1-0"]
[WhiteElo "1909"]
[BlackElo "1572"]
[PlyCount "33"]
[EventDate "2018.10.20"]
[EventType "swiss"]
[EventRounds "9"]
[EventCountry "FRA"]
[SourceTitle "EXT 2021"]
[Source "ChessBase"]
[SourceDate "2020.10.23"]
[SourceVersion "1"]
[SourceVersionDate "2020.10.23"]
[SourceQuality "1"]

1. d4 d5 2. c4 dxc4 3. Nc3 Nf6 4. e4 e5 5. d5 c6 6. Bxc4 b5 7. Bd3 b4 8. Na4 cxd5 9. Bg5 Bb7 10. Bxf6 Qxf6 11. Rc1 dxe4 12. Bb5+ Bc6 13. Qd5 Bxb5 14. Rc8+ Ke7 15. Qxa8 Nd7 16. Nc5 e3 17. Re8+ 1-0